Statystyki dla Skąd pochodzą dane marki?

Kliknij tutaj aby rozwiązać quiz!

Ogólne statystyki

  • Ten quiz został rozwiązany 341 razy
  • Średni wynik to 13 z 24

Statystyki odpowiedzi

Odpowiedź% Poprawnych
USA
93%
Portugalia
81%
USA
81%
Szwecja
80%
USA
77%
Dania
75%
USA
72%
USA
72%
Niemcy
69%
USA
66%
Polska
65%
Korea Południowa
62%
USA
58%
Niemcy
57%
Polska
57%
Wielka Brytania
40%
Niemcy
37%
Szwecja
34%
Włochy
31%
Norwegia
28%
Czechy
26%
Włochy
25%
Włochy
24%
Szwajcaria
15%

Rozkład punktacji

Percentyl według liczby udzielonych odpowiedzi

Procent ludzi z każdym wynikiem

Twoja historia wyników

Nie rozwiązałeś tego quizu